000 00571nam a2200193Ia 4500
003 OSt
005 20240405103714.0
008 210210b1960 xxu||||| |||| 00| 0 eng d
040 _cAL
041 _aKannada
082 _a856/125
100 _aSHIVARAMA KARANTA
_993618
_d ಶಿವರಾಮ ಕಾರಂತ
245 _aVijnana prapancha 2: JIva jIvana
_bವಿಜ್ಞಾನ ಪ್ರಪಂಚ ೨: ಜೀವ ಜಗತ್ತು
260 _aD.K
_b-
_c1960
440 _a2
_993619
690 _aKannada Miscellaneous
_993620
906 _a020373
942 _2ddc
_cBK
999 _c144522
_d144522